|
|
|
|
| LEADER |
00000nam a2200000 a 4500 |
| 001 |
vtls001521223 |
| 003 |
SK-MaSNL |
| 005 |
20260302073920.0 |
| 008 |
171201s2000 pl o g f 000 0 eng |
| 020 |
|
|
|a 8391365425
|q (brož.)
|
| 040 |
|
|
|a SNK
|b slo
|c SNK
|e AACR2
|
| 041 |
0 |
|
|a eng
|
| 043 |
|
|
|a e-pl---
|
| 044 |
|
|
|a pl
|c PL
|
| 072 |
|
7 |
|a 027
|x Univerzálne knižnice. Verejné knižnice
|2 konspekt
|
| 080 |
|
|
|a 02
|2 MDT-MRF
|
| 080 |
|
|
|a 027.7
|2 MDT-MRF
|
| 080 |
|
|
|a (438)
|2 MDT-MRF
|
| 080 |
|
|
|a (036)
|2 MDT-MRF
|
| 110 |
2 |
|
|a Biblioteka Uniwersytecka (Varšava, Poľsko)
|4 aut
|9 34777
|
| 245 |
1 |
0 |
|a Warsaw University Library
|c [Warsaw University Library]
|
| 250 |
|
|
|a [1st ed.]
|
| 260 |
|
|
|a Warszawa
|b Warsaw University
|c [2000]
|
| 300 |
|
|
|a 16 s.
|b fotogr.
|c 21 cm
|
| 500 |
|
|
|a Názov z obalu
|
| 610 |
2 |
7 |
|a Biblioteka Uniwersytecka (Varšava, Poľsko)
|2 SNKKA
|9 34777
|
| 650 |
0 |
7 |
|a knihovníctvo
|2 SNKPH
|9 1557
|
| 650 |
0 |
7 |
|a univerzitné knižnice
|2 SNKPH
|9 69928
|
| 651 |
|
7 |
|a Varšava (Poľsko)
|2 SNKPH
|9 25460
|
| 655 |
|
7 |
|a informačné publikácie
|2 SNKPH
|9 70181
|
| 919 |
|
|
|a 83-913654-2-5
|
| 999 |
|
|
|c 1162853
|d 1164783
|
| 952 |
|
|
|a SNK
|b SNK
|y VYP
|7 0
|p 17A0461501
|o snkOIC 6844
|i snk2005/4656
|8 1
|0 0
|1 0
|4 0
|d 2005-03-29
|l 0
|r 2026-02-24 20:39:01
|w 2026-02-24
|